Mixed Word: Common Bond I Quiz Stats

Quiz Updated Apr 5, 2013

Challenge
Share
Tweet
Score 0/12 Timer 03:00
0 Plays Today
SCRAMBLE Answer % Correct
CAKJJack
99.1%
LOEHHole
97.9%
HEPESSheep
92.7%
THADEDeath
84.8%
REKTAMMarket
79.1%
LAREPPearl
72.7%
AHBTBASSabbath
66.6%
Word in common with all the above:Black
52.4%
PETNAHRPanther
48.7%
DEOCYMComedy
41.7%
UABYETBeauty
38.7%
RUSSIISirius
34%

You're not logged in!

Compare scores with friends on all Sporcle quizzes.
Join for Free
OR
Log In

You Might Also Like...

Show Comments

Extras

Top Quizzes Today


Score Distribution

Your Account Isn't Verified!

In order to create a playlist on Sporcle, you need to verify the email address you used during registration. Go to your Sporcle Settings to finish the process.

Report this User

Report this user for behavior that violates our Community Guidelines.

Details: